Statistics for 日本の長距離旅客フェリー事業者

Click here to take the quiz!

General Stats

  • This quiz has been taken 14 times
  • The average score is 5 of 8

Answer Stats

Answer% Correct
新日本海フェリー
85%
太平洋フェリー
69%
商船三井フェリー
69%
東京九州フェリー
69%
名門大洋フェリー
62%
阪九フェリー
62%
オーシャン東九フェリー
54%
宮崎カーフェリー
38%

Score Distribution

Percentile by Number Answered

Percent of People with Each Score

Your Score History

You have not taken this quiz